<?xml version="1.0" encoding="UTF-8"?>
<record
    xmlns:xsi="http://www.w3.org/2001/XMLSchema-instance"
    xsi:schemaLocation="http://www.loc.gov/MARC21/slim http://www.loc.gov/standards/marcxml/schema/MARC21slim.xsd"
    xmlns="http://www.loc.gov/MARC21/slim">

  <leader>00500    a2200169   4500</leader>
  <datafield tag="952" ind1=" " ind2=" ">
    <subfield code="0">0</subfield>
    <subfield code="1">0</subfield>
    <subfield code="2">ddc</subfield>
    <subfield code="4">0</subfield>
    <subfield code="7">0</subfield>
    <subfield code="8">TOURISM</subfield>
    <subfield code="a">MES</subfield>
    <subfield code="b">MES</subfield>
    <subfield code="c">TOURISM </subfield>
    <subfield code="d">2022-11-01</subfield>
    <subfield code="e">55</subfield>
    <subfield code="g">581.25</subfield>
    <subfield code="l">0</subfield>
    <subfield code="o">647.94 AND/H</subfield>
    <subfield code="p">41844</subfield>
    <subfield code="r">2022-11-01 00:00:00</subfield>
    <subfield code="t">2</subfield>
    <subfield code="v">775.00</subfield>
    <subfield code="w">2022-11-01</subfield>
    <subfield code="y">BK</subfield>
    <subfield code="z">U2R3</subfield>
  </datafield>
  <datafield tag="952" ind1=" " ind2=" ">
    <subfield code="0">0</subfield>
    <subfield code="1">0</subfield>
    <subfield code="2">ddc</subfield>
    <subfield code="4">0</subfield>
    <subfield code="7">0</subfield>
    <subfield code="8">TOURISM</subfield>
    <subfield code="a">MES</subfield>
    <subfield code="b">MES</subfield>
    <subfield code="c">TOURISM </subfield>
    <subfield code="d">2022-11-01</subfield>
    <subfield code="e">55</subfield>
    <subfield code="g">581.25</subfield>
    <subfield code="l">0</subfield>
    <subfield code="o">647.94 AND/H</subfield>
    <subfield code="p">41783</subfield>
    <subfield code="r">2022-11-01 00:00:00</subfield>
    <subfield code="t">1</subfield>
    <subfield code="v">775.00</subfield>
    <subfield code="w">2022-11-01</subfield>
    <subfield code="y">BK</subfield>
    <subfield code="z">U2R3</subfield>
  </datafield>
  <datafield tag="952" ind1=" " ind2=" ">
    <subfield code="0">0</subfield>
    <subfield code="1">0</subfield>
    <subfield code="2">ddc</subfield>
    <subfield code="4">0</subfield>
    <subfield code="7">0</subfield>
    <subfield code="8">TOURISM</subfield>
    <subfield code="a">MES</subfield>
    <subfield code="b">MES</subfield>
    <subfield code="c">TOURISM </subfield>
    <subfield code="d">2023-07-15</subfield>
    <subfield code="g">573.50</subfield>
    <subfield code="l">0</subfield>
    <subfield code="o">647.94 AND/H</subfield>
    <subfield code="p">42072</subfield>
    <subfield code="r">2023-07-24 12:40:31</subfield>
    <subfield code="t">3</subfield>
    <subfield code="v">775.00</subfield>
    <subfield code="w">2023-07-15</subfield>
    <subfield code="y">BK</subfield>
    <subfield code="z">U2R3</subfield>
  </datafield>
  <datafield tag="999" ind1=" " ind2=" ">
    <subfield code="c">41641</subfield>
    <subfield code="d">41641</subfield>
  </datafield>
  <controlfield tag="003">OSt</controlfield>
  <controlfield tag="005">20221101104156.0</controlfield>
  <controlfield tag="008">221101b           ||||| |||| 00| 0 eng d</controlfield>
  <datafield tag="020" ind1=" " ind2=" ">
    <subfield code="a"> 9781259004988</subfield>
  </datafield>
  <datafield tag="040" ind1=" " ind2=" ">
    <subfield code="c">oclc</subfield>
  </datafield>
  <datafield tag="082" ind1=" " ind2=" ">
    <subfield code="a">647.94</subfield>
    <subfield code="b">AND/H</subfield>
  </datafield>
  <datafield tag="100" ind1="1" ind2=" ">
    <subfield code="9">9200</subfield>
    <subfield code="a">Andrews, Sudhir</subfield>
  </datafield>
  <datafield tag="245" ind1=" " ind2=" ">
    <subfield code="a">Hotel house keeping a training manual /</subfield>
    <subfield code="c">Sudhir Andrews</subfield>
  </datafield>
  <datafield tag="260" ind1=" " ind2=" ">
    <subfield code="a">New Delhi:</subfield>
    <subfield code="b">Mc grawhill,</subfield>
    <subfield code="c">2018.</subfield>
  </datafield>
  <datafield tag="300" ind1=" " ind2=" ">
    <subfield code="a">334 pages</subfield>
  </datafield>
  <datafield tag="942" ind1=" " ind2=" ">
    <subfield code="2">ddc</subfield>
    <subfield code="c">BK</subfield>
    <subfield code="h">647.94</subfield>
    <subfield code="i">AND/H</subfield>
    <subfield code="k">647.94</subfield>
    <subfield code="m">AND/H</subfield>
  </datafield>
</record>
